<?xml version="1.0" encoding="UTF-8"?>
<collection xmlns="http://www.loc.gov/MARC21/slim">
 <record>
  <leader>00639pamaa2200193   4500</leader>
  <controlfield tag="001">0000019401</controlfield>
  <controlfield tag="005">20060524090000.0</controlfield>
  <datafield tag="020" ind1="0" ind2="0">
   <subfield code="a">0140089411 </subfield>
  </datafield>
  <datafield tag="082" ind1=" " ind2=" ">
   <subfield code="a">968.05092 BEN 1986</subfield>
  </datafield>
  <datafield tag="090" ind1="0" ind2="0">
   <subfield code="a">DT1974 </subfield>
   <subfield code="b">BEN 1986</subfield>
  </datafield>
  <datafield tag="100" ind1="1" ind2="0">
   <subfield code="a">BENSON </subfield>
  </datafield>
  <datafield tag="245" ind1="1" ind2="0">
   <subfield code="a">Nelson Mandela  </subfield>
   <subfield code="c">Mary Benson.</subfield>
  </datafield>
  <datafield tag="260" ind1="0" ind2="0">
   <subfield code="a">Harmondsworth, Middlesex: </subfield>
   <subfield code="b">Penguin, </subfield>
   <subfield code="c">1986.</subfield>
  </datafield>
  <datafield tag="300" ind1=" " ind2=" ">
   <subfield code="a">269p.: </subfield>
   <subfield code="b">[8] p. of plates; </subfield>
   <subfield code="c">8cm.</subfield>
  </datafield>
  <datafield tag="600" ind1="1" ind2="0">
   <subfield code="a">Mandela, Nelson,, </subfield>
   <subfield code="d">1918-</subfield>
  </datafield>
  <datafield tag="610" ind1="2" ind2="0">
   <subfield code="a">African National Congress </subfield>
  </datafield>
  <datafield tag="650" ind1="0" ind2="0">
   <subfield code="a">Political prisoners -- </subfield>
   <subfield code="x">Biography -- </subfield>
   <subfield code="z">South Africa </subfield>
  </datafield>
  <datafield tag="651" ind1="0" ind2="0">
   <subfield code="a">South Africa -- </subfield>
   <subfield code="x">Race relations </subfield>
  </datafield>
  <datafield tag="651" ind1="0" ind2="0">
   <subfield code="a">South Africa -- </subfield>
   <subfield code="x">Politics and government -- </subfield>
   <subfield code="y">20th century </subfield>
  </datafield>
 </record>
</collection>
